000 00414nam a2200157Ia 4500
003 GCL
008 140319s9999 xx 000 0 eng d
040 _aGCL /
_cGCL
082 0 4 _a747.98
_bG I
100 1 _aGILBERT, RICHARD
245 1 0 _aTHE GARDEN BOOK /
_cGILBERT, RICHARD
260 _a[S.N] :
_bDORLING KINDERSLEY ،
_c1994
300 _a288 P
650 0 4 _aHOUSE PLANTS IN INTERIOR DECOR
942 _2ddc
_cBK
999 _c10400
_d10400